La Parroquía (Record no. 123554)

MARC details
000 -LEADER
campo de control de longitud fija 00813nam a2200229 i 4500
001 - NÚMERO DE CONTROL
campo de control 123554
003 - IDENTIFICADOR DE NÚMERO DE CONTROL
campo de control ES-MaACL
005 - FECHA Y HORA DE LA ÚLTIMA TRANSACCIÓN
campo de control 20251114152813.0
007 - CAMPO FIJO DE DESCRIPCIÓN FÍSICA--INFORMACIÓN GENERAL
campo de control de longitud fija t|
008 - DATOS DE LONGITUD FIJA--INFORMACIÓN GENERAL
campo de control de longitud fija 070214s1961 sp r ||||1| spa d
245 03 - MENCIÓN DEL TÍTULO
Título La Parroquía
Resto del título : de la teoría a la práctica /
Mención de responsabilidad, etc. bajo la dirección de Hugo Rahner, S. J. ; versión española del Rvdo. Sr. José Manzana.
260 ## - PUBLICACIÓN, DISTRIBUCIÓN, ETC.
Lugar de publicación, distribución, etc. San Sebastián :
Nombre del editor, distribuidor, etc. Dinor,
Fecha de publicación, distribución, etc. 1961.
300 ## - DESCRIPCIÓN FÍSICA
Extensión 161 p. ;
Dimensiones 18 cm.
490 1# - MENCIÓN DE SERIE
Mención de serie Colección "Prisma" ;
Designación de volumen o secuencia 63
650 #4 - PUNTO DE ACCESO ADICIONAL DE MATERIA--TÉRMINO DE MATERIA
Término de materia o nombre geográfico como elemento de entrada Parroquias.
9 (RLIN) 165874
650 07 - PUNTO DE ACCESO ADICIONAL DE MATERIA--TÉRMINO DE MATERIA
Término de materia o nombre geográfico como elemento de entrada Teología pastoral
Fuente del encabezamiento o término embne
9 (RLIN) 17472
700 1# - ENTRADA AGREGADA--NOMBRE PERSONAL
Nombre de persona Rahner, Hugo.
9 (RLIN) 95011
700 1# - ENTRADA AGREGADA--NOMBRE PERSONAL
Nombre de persona Manzana Martínez de Marañón, José,
Fechas asociadas al nombre 1928-1978
9 (RLIN) 76193
830 0# - PUNTO DE ACCESO ADICIONAL DE SERIE-TÍTULO UNIFORME
Título uniforme Colección "Prisma" ;
Designación de volumen o secuencia 63
9 (RLIN) 218946
852 ## - LOCALIZACIÓN
Ubicación ES-MaACL
Número de control de estantería G-9656
Sublocalización o colección R.48328
Holdings
Estatus retirado Estado de pérdida Estado de daño No para préstamo Biblioteca de origen Biblioteca actual Ubicación en estantería Fecha de adquisición Fuente de adquisición Total de préstamos Signatura topográfica completa Código de barras Visto por última vez Precio de reemplazo Tipo de ítem Koha
        Biblioteca del Ateneo de Madrid Biblioteca del Ateneo de Madrid Sala Pecera Planta 3 17/01/2008     G-9656 1128730 23/02/2023 23/02/2023 Libro impreso